000 00686nam a2200241Ia 4500
003 OSt
005 20220928124131.0
006 a|||||r|||| 00| 0
007 ta
008 220927b |||||||| |||| 00| 0 eng d
024 _a5876
037 _cTextual
040 _aSDCL
_cSDCL
_beng
041 _2eng
_aeng
082 _aO152,1N6:g, P7
100 _aNawab Sadika Aslam
_9463494
245 0 _aSathottari Hindi gazal
_b Shilp aur samvedna.
260 _aNew Delhi
_bPrakashan Sansthan
_c2007
300 _axv,424p
_ccm.
650 _aHindi Poetry-Criticism
_9410947
942 _hO152,1N6:g, P7
_cTEXL
_2CC
999 _c776390
_d776390